UBT Library

Hands-on chemistry activities with real-life applications / (Record no. 44725)

000 -LEADER
fixed length control field 00753cam a2200229 a 4500
001 - CONTROL NUMBER
control field 727581
005 - DATE AND TIME OF LATEST TRANSACTION
control field 20180312064131.0
008 - FIXED-LENGTH DATA ELEMENTS--GENERAL INFORMATION
fixed length control field 980806s1999 nyua 001 0 eng
010 ## - LIBRARY OF CONGRESS CONTROL NUMBER
LC control number 98038898
020 ## - INTERNATIONAL STANDARD BOOK NUMBER
International Standard Book Number 0876282621
040 ## - CATALOGING SOURCE
Original cataloging agency DLC
Transcribing agency DLC
Modifying agency DLC
041 ## - LANGUAGE CODE
Language code of text/sound track or separate title eng
080 ## - UNIVERSAL DECIMAL CLASSIFICATION NUMBER
Universal Decimal Classification number 540.78 HER
082 00 - DEWEY DECIMAL CLASSIFICATION NUMBER
Classification number 540.78 HER
Edition number 21
100 1# - Rafti
Rafti 12
101 ## - Shkurtesa
Shkurtesa KIM
245 10 - TITLE STATEMENT
Title Hands-on chemistry activities with real-life applications /
Statement of responsibility, etc Norman Herr, James Cunningham.
246 30 - VARYING FORM OF TITLE
Title proper/short title Chemistry activities with real-life applications
906 ## - LOCAL DATA ELEMENT F, LDF (RLIN)
a 7
b cbc
c orignew
d 1
e ocip
f 19
g y-gencatlg
942 ## - ADDED ENTRY ELEMENTS (KOHA)
Source of classification or shelving scheme
Item type Books
Holdings
Withdrawn status Lost status Source of classification or shelving scheme Damaged status Not for loan Collection code Permanent location Current location Shelving location Date acquired Total Checkouts Full call number Barcode Date last seen Price effective from Koha item type
          Koleksioni i përgjithshem UBT - Lipjan UBT - Lipjan Koleksioni i përgjithshem 03/12/2018   540.78 HER 002-3001569 03/12/2018 03/12/2018 Books
UBT Library © 2015-2024. All rights reserved University Education for Business and Technology